| 000 | 00583nam a2200205Ia 4500 | ||
|---|---|---|---|
| 003 | OSt | ||
| 005 | 20240529154602.0 | ||
| 008 | 210210b1975 xxu||||| |||| 00| 0 eng d | ||
| 040 | _cAL | ||
| 041 | _aKannada | ||
| 082 | _a613.7K DHAA | ||
| 100 |
_aDHANYAKUMARA IJARI _dಧನ್ಯಕುಮಾರ ಇಜಾರಿ _9168446 |
||
| 245 |
_aArogya-sampattu _b ಅರೋಗ್ಯ ಸಂಪತ್ತು |
||
| 260 |
_aDharavada _bSamaja Pustakalaya, _c1975 |
||
| 300 | _a4,187 | ||
| 650 |
_aArogya-sampattu _9168447 |
||
| 690 |
_aHealth _9168448 |
||
| 906 | _aSG00184 | ||
| 942 |
_2ddc _cBK |
||
| 999 |
_c111821 _d111821 |
||